| 000 | 00775nam a2200193Ii 4500 | ||
|---|---|---|---|
| 003 | JO-AjNU | ||
| 008 | 230605s9999||||xx |||||||||||||| ||und|| | ||
| 040 |
_aJO-AjNU _bara _erda _cJO-AjNU |
||
| 041 | _aara | ||
| 050 | 1 | 4 | _aHV431 .A43 1979 |
| 100 | 3 |
_aتأليف: احمد، احمد كمال, _eauthor _914924 |
|
| 245 | 0 | 0 | _aمنهاج الخدمة الاجتماعية في خدمة الفرد |
| 264 | 3 | 1 | _aالقاهرة: مكتبة الخانجي، 1979 |
| 300 |
_a478ص _bيحتوي على ببلوغرافية ودليل المصطلحات الاجتماعية المستخدمة من 463-478ص |
||
| 336 |
_atext _btxt _2rdacontent |
||
| 337 |
_aunmediated _bn _2rdamedia |
||
| 338 |
_avolume _bnc _2rdacarrier |
||
| 650 | 4 |
_a الخدمة الاجتماعية _914925 |
|
| 999 |
_aA4096 _c7664 _d7664 |
||